Episcopi carnotensis policratici

I tiakina i:
Ngā taipitopito rārangi puna kōrero
Kaituhi matua: Juan de Salisbury (Author)
Hōputu: Pukapuka
Reo:Rātini
I whakaputaina: Oxford Clarendoniano 1909
Ngā marau:
Ngā Tūtohu: Tāpirihia he Tūtohu
Kāore He Tūtohu, Me noho koe te mea tuatahi ki te tūtohu i tēnei pūkete!

MARC

LEADER 00000nam a2200000 a 4500
001 UCZ5614
003 CL-VaPUC
008 951124e19090000UK |||||||||||||||||lat|d
082 0 4 |a 189  |b JUA  |2 21 
100 0 |a Juan de Salisbury  |e author  |9 349730 
245 1 0 |a Episcopi carnotensis policratici 
246 1 0 |a De nvgis svrialivm et vestigiis philosophorvm 
300 |a v 
942 |c BK 
945 |d 19951124 00:00:00  |a cmena 
260 |a Oxford  |b Clarendoniano  |c 1909 
650 0 |a Filosofía medieval  |9 256245 
650 0 |a Escolasticismo  |9 264998 
650 0 |a Filosofía inglesa  |9 255676 
650 0 |a Humanismo  |9 256530 
650 0 |a Escuelas filosóficas   |9 266232 
583 |a last modification  |c 19951124 00:00:00  |k Rodrigo Vera 
999 |c 241905  |d 241903 
952 |0 0  |1 0  |4 0  |6 189_000000000000000_JUA_1909  |7 0  |8 P  |9 254547  |a BIBEDU  |b BIBEDU  |c BIBEDU_PB  |d 2019-11-19  |h v.1  |i 1579118  |o 189 JUA 1909  |p 1579118  |r 2024-01-25  |w 2019-11-19  |y BK  |k FIL 
952 |0 0  |1 0  |4 0  |6 189_000000000000000_JUA_1909  |7 0  |8 P  |9 254548  |a BIBEDU  |b BIBEDU  |c BIBEDU_PB  |d 2019-11-19  |h v.2  |i 1579126  |o 189 JUA 1909  |p 1579126  |r 2024-01-25  |w 2019-11-19  |y BK  |k FIL